000 00548nam a2200193Ia 4500
005 20250326144829.0
008 250326s9999 xx 000 0 und d
020 _a0-205-12301-5
037 _aTextbook
040 _aFMSL
_beng
_cFMSL
041 _aeng
_2eng
084 _aX:51 N0
_qFMSL
100 _aKerin Roger A. And Other
_9750173
245 0 _aStrategic Market Planning
_cKerin Roger A. And Other
260 _aLondon
_bLondon, Allyn And Bacon
_c1990
300 _ax,453
942 _cTB
_hX:51 N0
999 _c1305234
_d1305234